Basketball Skill &Rules (Record no. 27666)
[ view plain ]
| 000 -LEADER | |
|---|---|
| fixed length control field | 00379nam a2200169Ia 4500 |
| 003 - CONTROL NUMBER IDENTIFIER | |
| control field | OSt |
| 005 - DATE AND TIME OF LATEST TRANSACTION | |
| control field | 20240116124118.0 |
| 008 - FIXED-LENGTH DATA ELEMENTS--GENERAL INFORMATION | |
| fixed length control field | 170620s9999 xx 000 0 und d |
| 020 ## - INTERNATIONAL STANDARD BOOK NUMBER | |
| International Standard Book Number | 8175240970 |
| 040 ## - CATALOGING SOURCE | |
| Transcribing agency | IIMT UNIVERSITY |
| 100 ## - MAIN ENTRY--PERSONAL NAME | |
| Personal name | Sharma-O.P |
| 245 #0 - TITLE STATEMENT | |
| Title | Basketball Skill &Rules |
| 260 ## - PUBLICATION, DISTRIBUTION, ETC. | |
| Name of publisher, distributor, etc. | New delhi.Khel.S.k |
| 260 ## - PUBLICATION, DISTRIBUTION, ETC. | |
| Date of publication, distribution, etc. | 2005 |
| 300 ## - PHYSICAL DESCRIPTION | |
| Extent | 166 |
| 942 ## - ADDED ENTRY ELEMENTS (KOHA) | |
| Source of classification or shelving scheme | |
| Koha item type | Reference Book |
| Withdrawn status | Lost status | Source of classification or shelving scheme | Damaged status | Not for loan | Home library | Current library | Date acquired | Total Checkouts | Barcode | Date last seen | Price effective from | Koha item type | Date last checked out |
|---|---|---|---|---|---|---|---|---|---|---|---|---|---|
| IIMT University College of Education-B.P.Ed | IIMT University College of Education-B.P.Ed | 07/01/2017 | 17-B-1534 | 07/01/2017 | 07/01/2017 | Text-Book- for 7 days | |||||||
| IIMT University College of Education-B.P.Ed | IIMT University College of Education-B.P.Ed | 07/01/2017 | 1 | 17-B-1535 | 11/09/2021 | 07/01/2017 | Text-Book- for 7 days | 10/28/2021 | |||||
| IIMT University College of Education-B.P.Ed | IIMT University College of Education-B.P.Ed | 07/01/2017 | 17-B-1536 | 07/01/2017 | 07/01/2017 | Text-Book- for 7 days | |||||||
| IIMT University College of Education-B.P.Ed | IIMT University College of Education-B.P.Ed | 07/01/2017 | 17-B-1537 | 07/01/2017 | 07/01/2017 | Text-Book- for 7 days | |||||||
| IIMT University College of Education-B.P.Ed | IIMT University College of Education-B.P.Ed | 07/01/2017 | 1 | 17-B-1538 | 09/01/2020 | 07/01/2017 | Text-Book- for 7 days | 03/13/2020 | |||||
| IIMT University College of Education-B.P.Ed | IIMT University College of Education-B.P.Ed | 07/01/2017 | 17-B-1539 | 07/01/2017 | 07/01/2017 | Text-Book- for 7 days | |||||||
| IIMT University College of Education-B.P.Ed | IIMT University College of Education-B.P.Ed | 07/01/2017 | 17-B-1540 | 07/01/2017 | 07/01/2017 | Text-Book- for 7 days | |||||||
| IIMT University College of Education-B.P.Ed | IIMT University College of Education-B.P.Ed | 07/01/2017 | 17-B-1541 | 07/10/2025 | 07/01/2017 | Book Bank | |||||||
| IIMT University College of Education-B.P.Ed | IIMT University College of Education-B.P.Ed | 07/01/2017 | 1 | 17-B-1542 | 08/17/2022 | 07/01/2017 | Text-Book- for 7 days | 06/15/2022 | |||||
| IIMT University College of Education-B.P.Ed | IIMT University College of Education-B.P.Ed | 07/01/2017 | 17-B-1543 | 07/01/2017 | 07/01/2017 | Text-Book- for 7 days |

